000 00278nam a2200109Ia 4500
008 200302s9999 xx 000 0 und d
100 _aKao Chen P. E.
245 _aEnergy Management in Illuminating Systems
260 _bC R C Press LLC Ltd.
260 _c1999
300 _a158 P.,
999 _c2071
_d2071